000 00565nam a22002057a 4500
003 OSt
005 20260311054012.0
008 260311b |||||||| |||| 00| 0 eng d
020 _a971-23-0466-3
040 _aDWCL Main lib
_cOC
082 _aFil. 136.79 Si79 1978
100 _aSiruno, Rufino S.
245 _aChild growth and development
_cRufino S. Siruno
260 _aManila:
_bRex Book Store
300 _aix, 168 p. ;
_c22 cm.
650 _aChild Development.
650 _aChild Growth.
700 _aEdgar V. Siruno
942 _2ddc
_cBK - FIL
_kFil.
_n0
999 _c8933
_d8933